| 000 | 00829aam a2200289 4500 | ||
|---|---|---|---|
| 005 | 20160823145535.0 | ||
| 008 | 150306b xxu||||| |||| 00| 0 spa d | ||
| 041 | _aspa | ||
| 082 | _a150 S228i2 | ||
| 100 |
_aSantrock, John _915510 |
||
| 245 | _aIntroducción a la psicología: psicología organizacional | ||
| 250 | _a2 edición | ||
| 260 |
_aMéxico _bMcGraw Hill _c2004 |
||
| 650 |
_aPSICOLOGIA DEL TRABAJO _915815 |
||
| 650 |
_aCOMPORTAMIENTO _91037 |
||
| 650 |
_aDESARROLLO HUMANO _97971 |
||
| 650 |
_aESTADOS DE CONCIENCIA _915816 |
||
| 650 |
_aAPRENDIZAJE _915817 |
||
| 650 |
_aMEMORIA _91041 |
||
| 650 |
_aMOTIVACION _915818 |
||
| 650 |
_aEMOCION _915819 |
||
| 650 |
_aPERSONALIDAD _9265 |
||
| 650 |
_aTRASTORNOS PSICOLOGICOS _97972 |
||
| 650 |
_aSALUD _9396 |
||
| 650 |
_aPSICOLOGIA SOCIAL _97077 |
||
| 942 | _cBK | ||
| 999 |
_c3731 _d3731 |
||